Cleveland Cavaliers Head Coaches by Picture - Statistics

General Stats
  • This quiz has been taken 21 times
    6 since last reset
  • The average score is 8 of 23
Answer Stats
Picture Hint Answer % Correct
2020-2024 J. B. Bickerstaff
100%
2024-Present Kenny Atkinson
100%
2005-2010 | 2013-2014 Mike Brown
100%
2016-2018 Tyronn Lue
100%
1986-1993 Lenny Wilkens
80%
2014-2016 David Blatt
60%
2010-2013 Byron Scott
40%
1981-1982 Chuck Daly
40%
1984-1986 George Karl
40%
2018-2019 Larry Drew
40%
1993-1999 Mike Fratello
20%
2003-2005 Paul Silas
20%
1999-2001 Randy Wittman
20%
1970-1979 Bill Fitch
0%
1980-1981 | 1982 Bill Musselman
0%
2005 Brendan Malone
0%
1981 Don Delaney
0%
1986 Gene Littles
0%
2019-2020 John Beilein
0%
2001-2003 John Lucas II
0%
2003 Keith Smart
0%
1979-1980 Stan Albeck
0%
1982-1984 Tom Nissalke
0%
No matching quizzes found
Score Distribution
Percent of People with Each Score
Percentile by Number Answered
Your Score History
You have not taken this quiz since the last reset